00624nam a2200145 a 450000100100000000500170001000800410002704000250006810000270009324501510012026000650027130000200033695201050035699900170046100003514420200930074131.0111025s1909 sp 000 0 spa d aDO-SdBNPbspacBNPHU1 aBretón, Mario96085113aEl bachiller medina :bZarzuela en un acto, dividido en tres cuadros, en verso y prosa /cMario Bretón, Justo Huete Ordóñez, Emilio Carrere. aMadrid :bSociedad de Autores Españoles R. Velasco,c1909. a43 p. ;c21 cm. 001050718RVaGRbGRcCTd2011-10-25iLF1l0o p35144-10r2020-06-25w2020-06-25y1ZNo se presta c34635d34635